000
00207nam a22000857a 4500
001
1235357
005
20250930125827.0
245
_a
KARDEŞİMM BENİM
_c
CYNTHIA LORD
260
_b
GÜNIŞIĞI KİTAPLIĞI YAYINLARI
999
_c
1235357
_d
1235357